The Yao village: (Record no. 1265)

MARC details
000 -LEADER
fixed length control field 01051cam a22002891 4500
001 - CONTROL NUMBER
control field 7069777
003 - CONTROL NUMBER IDENTIFIER
control field OSt
005 - DATE AND TIME OF LATEST TRANSACTION
control field 20230619115252.0
008 - FIXED-LENGTH DATA ELEMENTS--GENERAL INFORMATION
fixed length control field 770902r1966uuuuenkabcf b 001 0 eng
010 ## - LIBRARY OF CONGRESS CONTROL NUMBER
LC control number 66072624
015 ## - NATIONAL BIBLIOGRAPHY NUMBER
National bibliography number GB66-9952
035 ## - SYSTEM CONTROL NUMBER
System control number (OCoLC)3236273
040 ## - CATALOGING SOURCE
Original cataloging agency DLC
Transcribing agency OClW
Modifying agency OCoLC
-- Uk
-- DLC
042 ## - AUTHENTICATION CODE
Authentication code premarc
050 00 - LIBRARY OF CONGRESS CALL NUMBER
Classification number DT429
Item number .M5 1966
082 ## - DEWEY DECIMAL CLASSIFICATION NUMBER
Classification number 301.296897
Item number MIT
100 1# - MAIN ENTRY--PERSONAL NAME
Personal name Mitchell, J. Clyde
Fuller form of name (James Clyde),
Dates associated with a name 1918-1995.
245 14 - TITLE STATEMENT
Title The Yao village:
Remainder of title a study in the social structure of a Nyasaland tribe,
Statement of responsibility, etc. by J. Clyde Mitchell.
250 ## - EDITION STATEMENT
Edition statement [1st ed.]
Remainder of edition statement reprinted with minor corrections.
260 ## - PUBLICATION, DISTRIBUTION, ETC. (IMPRINT)
Place of publication, distribution, etc. Manchester,
Name of publisher, distributor, etc. published on behalf of the Rhodes-Livingstone Institute, Northern Rhodesia by Manchester U.P.,
Date of publication, distribution, etc. 1966.
300 ## - PHYSICAL DESCRIPTION
Extent xviii, 238 p.
Other physical details front., 9 plates (incl. ports.) maps, tables, diagrs.
Dimensions 23 cm.
504 ## - BIBLIOGRAPHY, ETC. NOTE
Bibliography, etc Bibliography: p. 227-230.
650 #0 - SUBJECT ADDED ENTRY--TOPICAL TERM
Topical term or geographic name as entry element Yao (African people)
710 2# - ADDED ENTRY--CORPORATE NAME
Corporate name or jurisdiction name as entry element Rhodes-Livingstone Institute
906 ## - LOCAL DATA ELEMENT F, LDF (RLIN)
a 7
b cbc
c oclcrpl
d u
e ncip
f 19
g y-gencatlg
942 ## - ADDED ENTRY ELEMENTS (KOHA)
Source of classification or shelving scheme Dewey Decimal Classification
Koha item type Books
Holdings
Withdrawn status Lost status Source of classification or shelving scheme Damaged status Not for loan Home library Current library Date acquired Total Checkouts Full call number Barcode Date last seen Price effective from Koha item type
    Dewey Decimal Classification     County Hall Archives County Hall Archives 06/19/2023   301.296897 MIT 10000716 06/19/2023 06/19/2023 Books
LIBRARY OPENING HOURS

When the Parliament is sitting: 8.00a.m - 7.00p.m or until the house adjourns
Mondays and Fridays and when the House is on Recess:  8.00a.m - 5.00p.m
Closed on Weekends and Public Holidays

Online Public Access Catalog (OPAC)
Website: http://www.parliament.go.ke
Bunge Library: https://libraryir.parliament.go.ke
Contact: library@parliament.go.ke | Tel no: (254-2)2221291 or 2848000 Ext 5043